书目信息 |
| 题名: |
建筑工...
|
|
| 作者: | 程建伟 , 李险峰 主编 ;朱余佳 编写 | |
| 分册: | ||
| 出版信息: | 2015.10 |
|
| 页数: | 400页 | |
| 开本: | 26cm | |
| 丛书名: | ||
| 单 册: | ||
| 中图分类: | TU723.3 | |
| 科图分类: | ||
| 主题词: | 建筑工程--jian zhu gong cheng--计量--高等职业教育--教材 , 建筑造价--jian zhu zao jia--高等职业教育--教材 | |
| 电子资源: | ||
| ISBN: | ||
| 000 | 01193nam0 2200325 450 | |
| 001 | 012000000704 | |
| 005 | 20201118153514.72 | |
| 010 | @a@dCNY46.00 | |
| 100 | @a20151114d2015 em y0chiy50 ea | |
| 101 | 0 | @achi |
| 105 | @aak a 000yy | |
| 106 | @ar | |
| 200 | 1 | @a建筑工...@Ajia...@f程建伟, 李险峰主编@Fcheng jian wei , li xian feng zhu bian@g编写人员朱余佳 ... [等]@Gbian xie ren yuan zhu yu jia ... [ den |
| 205 | @a第2版 | |
| 210 | @a@c@d2015.10 | |
| 215 | @a400页@c图@d26cm | |
| 320 | @a有书目 | |
| 330 | @a本教材共由11个教学项目组成, 分别为: 工程项目建设活动、工程建设项目造价的构成、工程造价的计价依据、工程量清单与清单计价编制、建筑面积计算、建筑工程工程量计量等。 | |
| 333 | @a安徽省高等学校“十二五”省级规划教材 高职土建类精品教材 | |
| 540 | @a建筑工程计量与计价 | |
| 606 | 0 | @a建筑工程@Ajian zhu gong cheng@x计量@x高等职业教育@j教材 |
| 606 | 0 | @a建筑造价@Ajian zhu zao jia@x高等职业教育@j教材 |
| 690 | @aTU723.3@v5 | |
| 701 | 0 | @a程建伟@Acheng jian wei@4主编 |
| 701 | 0 | @a李险峰@Ali xian feng@4主编 |
| 702 | 0 | @a朱余佳@Azhu yu jia@4编写 |
| 801 | @aCN | |
| 803 | @a高职 | |
| 901 | @a21 | |
| 905 | @a河南城建学院图书馆@b1294535-7@dTU723.3@eC747=2@f3 | |
| 建筑工.../程建伟, 李险峰主编/编写人员朱余佳 ... [等].-第2版.-2015.10 |
| 400页:图;26cm |
| 使用对象:安徽省高等学校“十二五”省级规划教材 高职土建类精品教材 |
| ISBN :CNY46.00 |
| 本教材共由11个教学项目组成, 分别为: 工程项目建设活动、工程建设项目造价的构成、工程造价的计价依据、工程量清单与清单计价编制、建筑面积计算、建筑工程工程量计量等。 |
| ● |
| 相关链接 |
|
|
|
正题名:建筑工…
索取号:TU723.3/C747=2
 
预约/预借
| 序号 | 登录号 | 条形码 | 馆藏地/架位号 | 状态 | 备注 |
| 1 | 1294535 | 212945359 | 建筑库201/201建筑库 33排4列2层/ [索取号:TU723.3/C747=2] | 在馆 | |
| 2 | 1294536 | 212945366 | 土木与交通工程学院资料室/101建筑库 60排6列2层/ [索取号:TU723.3/C747=2] | 在馆 | |
| 3 | 1294537 | 212945373 | 建筑库201/201建筑库 33排4列2层/ [索取号:TU723.3/C747=2] | 在馆 |